[Event "San Francisco TNM Fall op"]
[Site "San Francisco"]
[Date "2017.12.12"]
[Round "8"]
[White "Winslow, Elliott C"]
[Black "Askin, David"]
[Result "1-0"]
[WhiteElo "2249"]
[BlackElo "1921"]
[PlyCount "37"]
[EventDate "2017.10.24"]
[EventType "swiss"]
[EventRounds "9"]
[EventCountry "USA"]
[SourceTitle "EXT 2023"]
[Source "ChessBase"]
[SourceDate "2022.10.05"]
[SourceVersion "1"]
[SourceVersionDate "2022.10.05"]
[SourceQuality "1"]

1. e4 c6 2. d4 d5 3. Nd2 dxe4 4. Nxe4 Nf6 5. Nxf6+ exf6 6. c3 Bd6 7. Bd3 0-0 8. Ne2 Qc7 9. Qc2 g6 10. Bh6 Re8 11. 0-0-0 Be6 12. Kb1 b5 13. h4 Bc4 14. h5 Bxd3 15. Rxd3 Nd7 16. hxg6 fxg6 17. Qb3+ Kh8 18. Qf7 Rg8 19. Qxh7+ 1-0

[Event "San Francisco TNM Fall op"]
[Site "San Francisco"]
[Date "2017.11.21"]
[Round "5"]
[White "Argo, Guy M"]
[Black "Askin, David"]
[Result "0-1"]
[WhiteElo "1941"]
[BlackElo "1921"]
[PlyCount "44"]
[EventDate "2017.10.24"]
[EventType "swiss"]
[EventRounds "9"]
[EventCountry "USA"]
[SourceTitle "EXT 2023"]
[Source "ChessBase"]
[SourceDate "2022.10.05"]
[SourceVersion "1"]
[SourceVersionDate "2022.10.05"]
[SourceQuality "1"]

1. e4 c6 2. d4 d5 3. e5 Bf5 4. h4 h5 5. Bd3 Bxd3 6. Qxd3 e6 7. Bg5 Qb6 8. Nd2 Ne7 9. Ngf3 Nf5 10. 0-0 c5 11. c4 Qa6 12. dxc5 Bxc5 13. Nb3 Nd7 14. Rfc1 Rc8 15. Nxc5 Nxc5 16. Qd1 dxc4 17. b4 Na4 18. Rxc4 Qxc4 19. Rc1 Nc3 20. Rxc3 Qxc3 21. Qa4+ Qc6 22. b5 Qc4 0-1

[Event "San Francisco TNM Fall op"]
[Site "San Francisco"]
[Date "2016.11.08"]
[Round "4"]
[White "Askin, David"]
[Black "Boldi, Ethan Vaughn"]
[Result "1-0"]
[WhiteElo "1942"]
[BlackElo "1811"]
[PlyCount "101"]
[EventDate "2016.10.18"]
[EventType "swiss"]
[EventRounds "9"]
[EventCountry "USA"]
[SourceTitle "EXT 2018"]
[Source "ChessBase"]
[SourceDate "2017.10.13"]
[SourceVersion "1"]
[SourceVersionDate "2017.10.13"]
[SourceQuality "1"]

1. d4 e6 2. c4 b6 3. Nf3 Bb7 4. g3 Bb4+ 5. Bd2 Qe7 6. Bg2 Nf6 7. 0-0 Nc6 8. Bg5 h6 9. Be3 d5 10. c5 bxc5 11. a3 cxd4 12. Nxd4 Bc5 13. Nxc6 Bxc6 14. Qc2 Nd7 15. b4 Qf6 16. Nd2 e5 17. Bxc5 e4 18. Nb3 Ba4 19. Qa2 c6 20. Rac1 h5 21. Na5 h4 22. Qd2 Qg6 23. Nb7 Ne5 24. Nd6+ Kd7 25. Bh3+ Kd8 26. b5 a5 27. Bb6+ Ke7 28. Nf5+ Ke8 29. Qf4 f6 30. Nd6+ Kf8 31. Bc5 hxg3 32. Nxe4+ Kg8 33. Be6+ Nf7 34. Nxg3 Bxb5 35. Rfe1 Re8 36. Bxf7+ Kxf7 37. e4 Qh7 38. Nf5 Re5 39. Bd4 g5 40. Qg3 dxe4 41. Nd6+ Ke6 42. Bxe5 fxe5 43. Nxe4 Qh6 44. Nc5+ Kf7 45. Qxe5 Qf6 46. Qc7+ Kg6 47. Re6 Qxe6 48. Nxe6 Rh6 49. Qg7+ Kf5 50. Qxg5+ Kxe6 51. Qxh6+ 1-0

[Event "San Francisco Benson Memorial"]
[Site "San Francisco"]
[Date "2016.09.20"]
[Round "8"]
[White "Askin, David"]
[Black "McKellar, Daniel"]
[Result "1-0"]
[WhiteElo "1958"]
[BlackElo "1745"]
[PlyCount "69"]
[EventDate "2016.08.02"]
[EventType "swiss"]
[EventRounds "9"]
[EventCountry "USA"]
[SourceTitle "EXT 2018"]
[Source "ChessBase"]
[SourceDate "2017.10.13"]
[SourceVersion "1"]
[SourceVersionDate "2017.10.13"]
[SourceQuality "1"]

1. d4 d5 2. Nf3 Nf6 3. c4 c6 4. Nc3 e6 5. e3 Nbd7 6. Bd3 dxc4 7. Bxc4 b5 8. Bd3 Bd6 9. Qc2 Bb7 10. Ng5 h6 11. Nge4 Nxe4 12. Nxe4 Be7 13. a3 c5 14. dxc5 Bxe4 15. Bxe4 Rc8 16. b4 Ne5 17. 0-0 f5 18. Rd1 Qc7 19. Bd3 Ng4 20. Bxb5+ Kf7 21. g3 h5 22. Rd7 Qb8 23. Bc4 g6 24. Bb2 Rh7 25. h4 Nxe3 26. Qb3 Nxc4 27. Qxc4 Rc6 28. Rad1 Ke8 29. Qd4 Qc8 30. Rxa7 Bxc5 31. bxc5 Rxa7 32. Qh8+ Ke7 33. Bf6+ Kf7 34. Qg7+ Ke8 35. Qg8# 1-0

[Event "San Francisco Benson Memorial"]
[Site "San Francisco"]
[Date "2016.09.13"]
[Round "7"]
[White "Walder, Michael S"]
[Black "Askin, David"]
[Result "1-0"]
[WhiteElo "2090"]
[BlackElo "1958"]
[PlyCount "47"]
[EventDate "2016.08.02"]
[EventType "swiss"]
[EventRounds "9"]
[EventCountry "USA"]
[SourceTitle "EXT 2018"]
[Source "ChessBase"]
[SourceDate "2017.10.13"]
[SourceVersion "1"]
[SourceVersionDate "2017.10.13"]
[SourceQuality "1"]

1. e4 c6 2. d4 d5 3. Nc3 dxe4 4. Nxe4 Bf5 5. Ng3 Bg6 6. h4 h6 7. Nf3 Nd7 8. h5 Bh7 9. Bd3 Bxd3 10. Qxd3 e6 11. Bd2 Ngf6 12. 0-0-0 Be7 13. Kb1 0-0 14. Ne4 Nxe4 15. Qxe4 Nf6 16. Qe2 Qd5 17. Be3 Ng4 18. Bc1 b5 19. Ne5 Nxe5 20. dxe5 Qc4 21. Qxc4 bxc4 22. Rd7 Rfe8 23. Rhd1 Rad8 24. Rxe7 1-0

[Event "San Francisco Benson Memorial"]
[Site "San Francisco"]
[Date "2016.08.09"]
[Round "2"]
[White "Askin, David"]
[Black "Winslow, Elliott C"]
[Result "1/2-1/2"]
[WhiteElo "1958"]
[BlackElo "2321"]
[PlyCount "68"]
[EventDate "2016.08.02"]
[EventType "swiss"]
[EventRounds "9"]
[EventCountry "USA"]
[SourceTitle "EXT 2018"]
[Source "ChessBase"]
[SourceDate "2017.10.13"]
[SourceVersion "1"]
[SourceVersionDate "2017.10.13"]
[SourceQuality "1"]

1. d4 g6 2. c4 Nf6 3. Nc3 Bg7 4. e4 d6 5. f4 0-0 6. Nf3 c5 7. d5 e6 8. Be2 exd5 9. cxd5 Bg4 10. 0-0 Nbd7 11. a4 Re8 12. Qc2 a6 13. Re1 Rc8 14. Bd2 c4 15. h3 Bxf3 16. Bxf3 b5 17. axb5 axb5 18. Be3 Nc5 19. Bxc5 Rxc5 20. e5 dxe5 21. fxe5 Nxd5 22. Nxd5 Rxd5 23. Bxd5 Qxd5 24. Rad1 Qc5+ 25. Kh1 Bxe5 26. Qe4 f6 27. Rd5 Qb6 28. Rd7 Qf2 29. Red1 Qg3 30. Kg1 Kh8 31. Qd5 Qe3+ 32. Kh1 Qg3 33. Kg1 Qe3+ 34. Kh1 Qg3 1/2-1/2

[Event "San Francisco TNM Summer op"]
[Site "San Francisco"]
[Date "2016.07.12"]
[Round "8"]
[White "Sun, James"]
[Black "Askin, David"]
[Result "1-0"]
[WhiteElo "2270"]
[BlackElo "1918"]
[PlyCount "105"]
[EventDate "2016.05.24"]
[EventType "swiss"]
[EventRounds "8"]
[EventCountry "USA"]
[SourceTitle "EXT 2018"]
[Source "ChessBase"]
[SourceDate "2017.10.13"]
[SourceVersion "1"]
[SourceVersionDate "2017.10.13"]
[SourceQuality "1"]

1. c4 Nf6 2. Nc3 d5 3. cxd5 Nxd5 4. g3 g6 5. Bg2 Nb6 6. Nf3 Bg7 7. 0-0 0-0 8. d3 Nc6 9. a3 e5 10. Bd2 Nd4 11. Rc1 c6 12. Ne4 Re8 13. Nc5 Nd5 14. b4 Qe7 15. Re1 Ne6 16. Nb3 Qd6 17. Na5 Nd4 18. Ng5 Rb8 19. e3 Ne6 20. Ne4 Qd8 21. Nc4 Qe7 22. Ned6 Rd8 23. Nxc8 Rbxc8 24. Qb3 Rd7 25. Red1 Rcd8 26. Be1 Kh8 27. Bd2 Ndc7 28. Bf1 Ng5 29. Bc3 Nd5 30. Bb2 h5 31. h4 Nf3+ 32. Kg2 Nxh4+ 33. gxh4 Qxh4 34. Kg1 Qg4+ 35. Bg2 h4 36. Nxe5 Bxe5 37. Bxe5+ f6 38. Qc4 Qh5 39. Bh2 h3 40. Bh1 Ne7 41. Qf4 Nf5 42. Bf3 Qh7 43. d4 g5 44. Qg4 Nh6 45. Qh5 g4 46. Bh1 Rg7 47. Bf4 Rg6 48. d5 cxd5 49. Rxd5 Rdg8 50. Be4 g3 51. fxg3 Rxg3+ 52. Bxg3 Rxg3+ 53. Kf1 1-0

[Event "San Francisco TNM Spring op"]
[Site "San Francisco"]
[Date "2016.05.03"]
[Round "8"]
[White "Boldi, Ethan Vaughn"]
[Black "Askin, David"]
[Result "0-1"]
[WhiteElo "1658"]
[BlackElo "1918"]
[PlyCount "80"]
[EventDate "2016.03.15"]
[EventType "swiss"]
[EventRounds "8"]
[EventCountry "USA"]
[SourceTitle "EXT 2018"]
[Source "ChessBase"]
[SourceDate "2017.10.13"]
[SourceVersion "1"]
[SourceVersionDate "2017.10.13"]
[SourceQuality "1"]

1. e4 c6 2. d4 d5 3. Nc3 dxe4 4. Nxe4 Bf5 5. Ng3 Bg6 6. Nf3 Nd7 7. Be3 e6 8. Bd3 Bxd3 9. Qxd3 Ngf6 10. 0-0 Be7 11. c4 0-0 12. Rad1 Qc7 13. Rfe1 Rfd8 14. a3 a5 15. Qd2 a4 16. Bf4 Bd6 17. Bxd6 Qxd6 18. Qc2 Qb8 19. Ne2 b5 20. c5 Nd5 21. Nc3 N7f6 22. Re5 h6 23. Nd2 Ng4 24. Rh5 Ndf6 25. Rh4 Rxd4 26. Nde4 Rxd1+ 27. Qxd1 Qd8 28. Nd6 Ne5 29. Rd4 Qe7 30. Qe2 Ned7 31. Nce4 Nd5 32. Nb7 Rb8 33. Na5 Rc8 34. Nd6 Rc7 35. Qc2 N7f6 36. Qe2 Qd7 37. Qd2 Ra7 38. b4 axb3 39. Nxb3 Rxa3 40. Nc1 Qa7 0-1

[Event "San Francisco TNM Fall op"]
[Site "San Francisco"]
[Date "2015.11.10"]
[Round "4"]
[White "Handler, Andrew Todd"]
[Black "Askin, David"]
[Result "1-0"]
[WhiteElo "1777"]
[BlackElo "1946"]
[PlyCount "82"]
[EventDate "2015.10.20"]
[EventType "swiss"]
[EventRounds "9"]
[EventCountry "USA"]
[SourceTitle "EXT 2023"]
[Source "ChessBase"]
[SourceDate "2022.10.05"]
[SourceVersion "1"]
[SourceVersionDate "2022.10.05"]
[SourceQuality "1"]

1. e3 d5 2. f4 c5 3. Nf3 Nc6 4. Bb5 a6 5. Bxc6+ bxc6 6. d3 Nf6 7. 0-0 e6 8. Qe1 Be7 9. Nc3 Qb6 10. Kh1 a5 11. e4 Ba6 12. e5 Nd7 13. Qg3 g6 14. Rb1 d4 15. Na4 Qb4 16. b3 c4 17. a3 Qb7 18. Nxd4 cxd3 19. cxd3 h5 20. h3 c5 21. Ne2 Rb8 22. Bd2 Qd5 23. Nc1 Bb7 24. Nc3 Qc6 25. Ne4 Qa6 26. Na2 Bd5 27. Nac3 Rxb3 28. Nxd5 Rxb1 29. Nc7+ Kd8 30. Nxa6 Rxf1+ 31. Kh2 Kc8 32. Qe3 Kb7 33. Naxc5+ Nxc5 34. Nxc5+ Kc6 35. Qe4+ Kxc5 36. Qc4+ Kb6 37. Be3+ Kb7 38. Qb5+ Kc8 39. Qc6+ Kb8 40. Qb6+ Kc8 41. Qa6+ Kd7 1-0

[Event "San Francisco TNM Summer op"]
[Site "San Francisco"]
[Date "2015.07.14"]
[Round "8"]
[White "McKellar, Daniel"]
[Black "Askin, David"]
[Result "1/2-1/2"]
[WhiteElo "1642"]
[BlackElo "1959"]
[PlyCount "103"]
[EventDate "2015.05.26"]
[EventType "swiss"]
[EventRounds "8"]
[EventCountry "USA"]
[SourceTitle "EXT 2016"]
[Source "ChessBase"]
[SourceDate "2015.10.08"]
[SourceVersion "1"]
[SourceVersionDate "2015.10.08"]
[SourceQuality "1"]

1. d4 Nf6 2. Nf3 d5 3. c4 e6 4. Nc3 c6 5. e3 Nbd7 6. Bd3 dxc4 7. Bxc4 b5 8. Bd3 a6 9. e4 c5 10. e5 cxd4 11. Nxb5 axb5 12. exf6 gxf6 13. Qe2 Qb6 14. Bxb5 Bb7 15. 0-0 Ra5 16. Bxd7+ Kxd7 17. Rd1 Rd5 18. Bf4 Bc5 19. Rac1 Rg8 20. Qc2 Rf5 21. Bg3 Bxf3 22. gxf3 h5 23. Qa4+ Ke7 24. Kf1 Rd5 25. a3 Bd6 26. Rc6 Qb8 27. Bxd6+ Rxd6 28. Rxd6 Qxd6 29. Rxd4 Qxh2 30. Rd7+ Kf8 31. Rd8+ Kg7 32. Rxg8+ Kxg8 33. f4 h4 34. Qa8+ Kh7 35. Qg2 Qxf4 36. b4 Qc1+ 37. Ke2 Qb2+ 38. Kf1 Qc1+ 39. Ke2 Qc4+ 40. Ke1 Qc3+ 41. Kf1 Qxa3 42. Qe4+ Kg8 43. Qxh4 Qc1+ 44. Ke2 Qc2+ 45. Kf1 Kf8 46. Qxf6 Qb1+ 47. Kg2 Qxb4 48. Qd8+ Kg7 49. Qg5+ Kh7 50. Qh5+ Kg8 51. Qg5+ Kf8 52. Qd8+ 1/2-1/2

[Event "San Francisco TNM Summer op"]
[Site "San Francisco"]
[Date "2015.06.16"]
[Round "4"]
[White "Askin, David"]
[Black "Traub, Igor Vladimirovich"]
[Result "1/2-1/2"]
[WhiteElo "1959"]
[BlackElo "2097"]
[PlyCount "103"]
[EventDate "2015.05.26"]
[EventType "swiss"]
[EventRounds "8"]
[EventCountry "USA"]
[SourceTitle "EXT 2016"]
[Source "ChessBase"]
[SourceDate "2015.10.08"]
[SourceVersion "1"]
[SourceVersionDate "2015.10.08"]
[SourceQuality "1"]

1. d4 d5 2. Nf3 Nf6 3. c4 c6 4. Nc3 e6 5. e3 Bd6 6. Bd3 0-0 7. e4 dxe4 8. Nxe4 Nxe4 9. Bxe4 Nd7 10. 0-0 Nf6 11. Bc2 h6 12. b3 Qc7 13. Bb2 Rd8 14. Qe2 b5 15. c5 Be7 16. Rad1 a5 17. Ne5 b4 18. Qf3 Rd5 19. Rfe1 Bf8 20. Bc1 Ba6 21. Bxh6 Rad8 22. Be3 Bxc5 23. Nxf7 Kxf7 24. dxc5 Rxd1 25. Rxd1 Rxd1+ 26. Qxd1 Qe5 27. Qd4 Qxd4 28. Bxd4 Nd7 29. f4 e5 30. fxe5 Ke6 31. Kf2 Nxe5 32. Be4 Bb5 33. Kg3 g5 34. h4 gxh4+ 35. Kxh4 Nd3 36. g4 Nc1 37. Bb1 Bd3 38. Bxd3 Nxd3 39. Be3 Ke5 40. Kh5 Ke4 41. Bd2 Ne5 42. g5 Kf5 43. Be3 Ke4 44. Bf2 Nd3 45. Bg3 Nxc5 46. g6 Ne6 47. Bf2 c5 48. Kh6 Kd5 49. g7 Nxg7 50. Kxg7 c4 51. bxc4+ Kxc4 52. Kf6 1/2-1/2

[Event "San Francisco TNM Spring op"]
[Site "San Francisco"]
[Date "2015.04.28"]
[Round "7"]
[White "Andries, Craig"]
[Black "Askin, David"]
[Result "0-1"]
[WhiteElo "1935"]
[BlackElo "1959"]
[PlyCount "94"]
[EventDate "2015.03.17"]
[EventType "swiss"]
[EventRounds "8"]
[EventCountry "USA"]
[SourceTitle "EXT 2016"]
[Source "ChessBase"]
[SourceDate "2015.10.08"]
[SourceVersion "1"]
[SourceVersionDate "2015.10.08"]
[SourceQuality "1"]

1. Nf3 d5 2. g3 Nf6 3. Bg2 Bf5 4. d3 e6 5. 0-0 h6 6. c4 c6 7. cxd5 cxd5 8. Nc3 Be7 9. Bf4 0-0 10. Qb3 Qc8 11. Rac1 Nc6 12. Ne5 Nd7 13. Nxd7 Qxd7 14. Qa4 e5 15. Bd2 Be6 16. a3 a6 17. b4 b5 18. Qd1 Rac8 19. f4 f6 20. f5 Bf7 21. e3 Rfd8 22. Ne2 Bf8 23. g4 Ne7 24. Kh1 Rxc1 25. Qxc1 Rc8 26. Qb2 Rc7 27. Rc1 Nc8 28. Rc2 Bd6 29. Qc1 Nb6 30. Rxc7 Bxc7 31. h4 e4 32. Qc2 exd3 33. Qxd3 Nc4 34. Bc1 Bb6 35. Nf4 Ne5 36. Qd1 d4 37. exd4 Bxd4 38. h5 Qc7 39. Ne6 Bxe6 40. fxe6 Nxg4 41. Qxg4 Qxc1+ 42. Kh2 Qg1+ 43. Kh3 Be5 44. Qf3 Qh2+ 45. Kg4 g6 46. Qa8+ Kg7 47. Qb7+ Bc7 0-1

[Event "San Francisco TNM Spring op"]
[Site "San Francisco"]
[Date "2015.03.24"]
[Round "2"]
[White "Winslow, Elliott C"]
[Black "Askin, David"]
[Result "1-0"]
[WhiteElo "2306"]
[BlackElo "1959"]
[PlyCount "61"]
[EventDate "2015.03.17"]
[EventType "swiss"]
[EventRounds "8"]
[EventCountry "USA"]
[SourceTitle "EXT 2016"]
[Source "ChessBase"]
[SourceDate "2015.10.08"]
[SourceVersion "1"]
[SourceVersionDate "2015.10.08"]
[SourceQuality "1"]

1. d4 d5 2. c4 c6 3. Nc3 e6 4. Nf3 dxc4 5. a4 Bb4 6. e3 b5 7. Bd2 a5 8. axb5 Bxc3 9. Bxc3 cxb5 10. b3 Bb7 11. bxc4 b4 12. Bb2 Nf6 13. Bd3 0-0 14. 0-0 Ne4 15. Qc2 f5 16. d5 exd5 17. Nd4 Qe7 18. f3 Nd6 19. c5 Nc4 20. Nxf5 Rxf5 21. Bxf5 Nxb2 22. Qxb2 Qxe3+ 23. Kh1 Qxc5 24. Rac1 Qd6 25. Rfe1 Na6 26. Re6 Qf8 27. Qe5 b3 28. Rh6 Qxf5 29. Qxf5 gxh6 30. Qe6+ Kh8 31. Qb6 1-0

[Event "San Francisco TNM Fall op"]
[Site "San Francisco"]
[Date "2014.12.09"]
[Round "7"]
[White "Askin, David"]
[Black "Shaw, Tenzing W"]
[Result "0-1"]
[WhiteElo "2007"]
[BlackElo "2246"]
[PlyCount "90"]
[EventDate "2014.10.21"]
[EventType "swiss"]
[EventRounds "8"]
[EventCountry "USA"]
[SourceTitle "EXT 2016"]
[Source "ChessBase"]
[SourceDate "2015.10.08"]
[SourceVersion "1"]
[SourceVersionDate "2015.10.08"]
[SourceQuality "1"]

1. d4 f5 2. Nf3 Nf6 3. c4 g6 4. Nc3 Bg7 5. e3 0-0 6. Bd3 d6 7. 0-0 Qe8 8. d5 Na6 9. Nd4 c6 10. a3 e5 11. dxe6 Nc5 12. Qc2 Bxe6 13. Nxe6 Qxe6 14. b4 Nxd3 15. Qxd3 Ng4 16. f4 Rad8 17. Bd2 Rfe8 18. Rae1 Nf6 19. Ne2 Ne4 20. Bc3 Nxc3 21. Nxc3 d5 22. cxd5 cxd5 23. Nb5 Qb6 24. Nd4 Rxe3 25. Rxe3 Bxd4 26. Rfe1 Re8 27. Kf2 Rxe3 28. Rxe3 Bxe3+ 29. Qxe3 Qxe3+ 30. Kxe3 Kf7 31. Kd4 Ke6 32. Kc3 h6 33. Kd3 g5 34. g3 b5 35. Kd4 g4 36. Kc5 d4 37. Kxd4 Kd6 38. Ke3 Kd5 39. Kd3 h5 40. Ke2 Ke4 41. Kd2 Kf3 42. Kd3 Kg2 43. Kd4 Kxh2 44. Ke5 Kxg3 45. Kxf5 h4 0-1

[Event "San Francisco TNM Fall op"]
[Site "San Francisco"]
[Date "2014.12.02"]
[Round "6"]
[White "Gerwin, Gene"]
[Black "Askin, David"]
[Result "0-1"]
[WhiteElo "1906"]
[BlackElo "2007"]
[PlyCount "22"]
[EventDate "2014.10.21"]
[EventType "swiss"]
[EventRounds "8"]
[EventCountry "USA"]
[SourceTitle "EXT 2016"]
[Source "ChessBase"]
[SourceDate "2015.10.08"]
[SourceVersion "1"]
[SourceVersionDate "2015.10.08"]
[SourceQuality "1"]

1. e4 c6 2. d4 d5 3. f3 e5 4. dxe5 Bc5 5. g3 Qb6 6. Nh3 dxe4 7. f4 Nh6 8. Nc3 Bg4 9. Na4 Qa5+ 10. Qd2 Qxa4 11. Ng5 0-0 0-1

[Event "San Francisco TNM Fall op"]
[Site "San Francisco"]
[Date "2014.11.26"]
[Round "5"]
[White "Askin, David"]
[Black "McCarty Snead, Callaghan"]
[Result "1-0"]
[WhiteElo "2007"]
[BlackElo "1920"]
[PlyCount "95"]
[EventDate "2014.10.21"]
[EventType "swiss"]
[EventRounds "8"]
[EventCountry "USA"]
[SourceTitle "EXT 2016"]
[Source "ChessBase"]
[SourceDate "2015.10.08"]
[SourceVersion "1"]
[SourceVersionDate "2015.10.08"]
[SourceQuality "1"]

1. d4 Nf6 2. Nf3 d6 3. Bf4 g6 4. e3 Bg7 5. h3 0-0 6. Be2 Nbd7 7. c3 c5 8. Nbd2 a6 9. a4 Re8 10. 0-0 cxd4 11. cxd4 e5 12. Bg5 h6 13. Bh4 e4 14. Ne1 d5 15. Qb3 Qa5 16. Qc3 Qb6 17. Nc2 Nf8 18. Nb3 Be6 19. a5 Qa7 20. Nc5 Rac8 21. Qb3 Re7 22. Nb4 Rd8 23. Rfc1 g5 24. Bg3 Ng6 25. Na4 Nd7 26. Rc7 Nb8 27. Rac1 f5 28. Nb6 Rxc7 29. Rxc7 f4 30. Bh2 Nh4 31. Bg4 Bxg4 32. hxg4 fxe3 33. fxe3 Kh8 34. N4xd5 Nc6 35. Nc3 Nxd4 36. Qf7 Ndf3+ 37. gxf3 Nxf3+ 38. Kf2 Rg8 39. Bd6 Qb8 40. Rc8 Qxc8 41. Nxc8 Rxc8 42. Nxe4 Nh4 43. Nc5 Rd8 44. Qe7 Rc8 45. Ne6 Rc2+ 46. Kf1 Bxb2 47. Qf8+ Kh7 48. Qf7+ 1-0

[Event "San Francisco TNM Fall op"]
[Site "San Francisco"]
[Date "2014.10.21"]
[Round "1"]
[White "Eytan, David"]
[Black "Askin, David"]
[Result "0-1"]
[WhiteElo "1496"]
[BlackElo "2007"]
[PlyCount "112"]
[EventDate "2014.10.21"]
[EventType "swiss"]
[EventRounds "8"]
[EventCountry "USA"]
[SourceTitle "EXT 2016"]
[Source "ChessBase"]
[SourceDate "2015.10.08"]
[SourceVersion "1"]
[SourceVersionDate "2015.10.08"]
[SourceQuality "1"]

1. e4 c5 2. f4 d5 3. e5 Bf5 4. Bb5+ Nc6 5. Nf3 e6 6. 0-0 Nh6 7. d4 Bg4 8. Be3 Nf5 9. Bxc6+ bxc6 10. Bf2 Bxf3 11. gxf3 Qb6 12. c3 Qxb2 13. Qa4 Qb5 14. Qxb5 cxb5 15. Nd2 Be7 16. dxc5 0-0 17. a4 bxa4 18. Rxa4 Rfc8 19. Nb3 Rab8 20. Rb1 Bxc5 21. Bxc5 Rxc5 22. Rxa7 Rxc3 23. Nd2 Rxb1+ 24. Nxb1 Rc1+ 25. Kf2 h5 26. Nd2 Rc2 27. Ra8+ Kh7 28. Ke1 Nh4 29. Ra4 Kg6 30. Kd1 Rc3 31. Ke2 Ng2 32. Nf1 Rc2+ 33. Nd2 Rb2 34. Kd3 Rb7 35. Nf1 h4 36. Rd4 Kf5 37. Ne3+ Nxe3 38. Kxe3 Rb2 39. h3 Rh2 40. Rb4 Rxh3 41. Rb7 Kg6 42. Rd7 Rh2 43. f5+ Kxf5 44. Rxf7+ Kxe5 45. Rxg7 Ra2 46. Rg5+ Kf6 47. f4 h3 48. Kf3 Ra3+ 49. Kg4 Ke7 50. Rh5 Kf7 51. Rxh3 Rxh3 52. Kxh3 Kf6 53. Kg3 Kf5 54. Kf3 d4 55. Kg3 Ke4 56. Kf2 Kxf4 0-1

[Event "San Francisco TNM Jay Whitehead op"]
[Site "San Francisco"]
[Date "2014.08.05"]
[Round "1"]
[White "Eytan, David"]
[Black "Askin, David"]
[Result "0-1"]
[WhiteElo "1496"]
[BlackElo "2007"]
[PlyCount "72"]
[EventDate "2014.08.05"]
[EventType "swiss"]
[EventRounds "9"]
[EventCountry "USA"]
[SourceTitle "EXT 2016"]
[Source "ChessBase"]
[SourceDate "2015.10.08"]
[SourceVersion "1"]
[SourceVersionDate "2015.10.08"]
[SourceQuality "1"]

1. e4 c6 2. d4 d5 3. e5 Bf5 4. Bd3 Bxd3 5. Qxd3 e6 6. Nf3 Nd7 7. Nc3 c5 8. dxc5 Bxc5 9. Be3 Bxe3 10. Qxe3 Ne7 11. 0-0 Nc6 12. Nb5 0-0 13. c3 a6 14. Nbd4 Qc7 15. Nxc6 bxc6 16. Rad1 Rab8 17. Rd2 Nb6 18. b3 c5 19. Nh4 a5 20. f4 Nd7 21. Qe2 a4 22. bxa4 Qa5 23. c4 Nb6 24. cxd5 Nxd5 25. f5 Qxa4 26. Rxd5 exd5 27. Qh5 Qd4+ 28. Kh1 Qxe5 29. Nf3 Qf6 30. Ng5 h6 31. h4 Rb2 32. a4 Ra2 33. Rf4 Ra1+ 34. Kh2 hxg5 35. hxg5 Qe5 36. g3 Qb2+ 0-1

[Event "San Francisco TNM Winter op"]
[Site "San Francisco"]
[Date "2010.02.23"]
[Round "8"]
[White "Askin, David"]
[Black "Cohee, James"]
[Result "1-0"]
[WhiteElo "1749"]
[BlackElo "1640"]
[PlyCount "51"]
[EventDate "2010.01.05"]
[EventType "swiss"]
[EventRounds "8"]
[EventCountry "USA"]
[SourceTitle "EXT 2012"]
[Source "ChessBase"]
[SourceDate "2011.11.24"]
[SourceVersion "1"]
[SourceVersionDate "2011.11.24"]
[SourceQuality "1"]

1. e4 c5 2. d4 cxd4 3. c3 d5 4. exd5 Qxd5 5. cxd4 Nc6 6. Nf3 Bg4 7. Nc3 Qd8 8. d5 Nb8 9. Bb5+ Bd7 10. Qa4 Nf6 11. Bg5 h6 12. Bxf6 gxf6 13. 0-0 Bg7 14. Nd4 0-0 15. Rfe1 Bxb5 16. Qxb5 Qd7 17. Qd3 e6 18. Rad1 Re8 19. dxe6 fxe6 20. Qc4 Nc6 21. Nxe6 Qf7 22. Qg4 Ne5 23. Qxg7+ Qxg7 24. Nxg7 Kxg7 25. f4 Nc6 26. Rd7+ 1-0

[Event "San Francisco TNM Winter op"]
[Site "San Francisco"]
[Date "2010.02.16"]
[Round "7"]
[White "Manvelyan, Hovik"]
[Black "Askin, David"]
[Result "1-0"]
[WhiteElo "1953"]
[BlackElo "1749"]
[PlyCount "69"]
[EventDate "2010.01.05"]
[EventType "swiss"]
[EventRounds "8"]
[EventCountry "USA"]
[SourceTitle "EXT 2012"]
[Source "ChessBase"]
[SourceDate "2011.11.24"]
[SourceVersion "1"]
[SourceVersionDate "2011.11.24"]
[SourceQuality "1"]

1. Nf3 d5 2. b3 Nf6 3. Bb2 Bg4 4. e3 e6 5. Be2 Bd6 6. d3 0-0 7. Nbd2 Re8 8. Ne5 Bxe2 9. Qxe2 Nbd7 10. f4 c5 11. 0-0 Nf8 12. Ndf3 Ng6 13. g4 Bxe5 14. Nxe5 Nxe5 15. Bxe5 Rc8 16. c4 Nd7 17. Bc3 dxc4 18. dxc4 e5 19. Rad1 Qe7 20. Qf3 e4 21. Qg2 Nf8 22. f5 Qg5 23. Rf4 Rcd8 24. Rd5 Rxd5 25. cxd5 Qe7 26. g5 g6 27. f6 Qd6 28. Rxe4 Rd8 29. Re5 Nd7 30. Re7 Qa6 31. Qe4 Nf8 32. Rxf7 Qe2 33. Rxf8+ Rxf8 34. Qe6+ Rf7 35. Qe8+ 1-0

[Event "San Francisco TNM Winter op"]
[Site "San Francisco"]
[Date "2010.02.09"]
[Round "6"]
[White "Askin, David"]
[Black "Grey, Peter G"]
[Result "0-1"]
[WhiteElo "1749"]
[BlackElo "2020"]
[PlyCount "76"]
[EventDate "2010.01.05"]
[EventType "swiss"]
[EventRounds "8"]
[EventCountry "USA"]
[SourceTitle "EXT 2012"]
[Source "ChessBase"]
[SourceDate "2011.11.24"]
[SourceVersion "1"]
[SourceVersionDate "2011.11.24"]
[SourceQuality "1"]

1. d4 Nf6 2. c4 g6 3. Nc3 d5 4. cxd5 Nxd5 5. e4 Nxc3 6. bxc3 Bg7 7. Nf3 c5 8. Rb1 0-0 9. Be2 Nc6 10. d5 Ne5 11. Nxe5 Bxe5 12. Qd2 e6 13. f4 Bc7 14. 0-0 exd5 15. exd5 Ba5 16. Bb2 Bf5 17. Rbd1 Qd7 18. Qe3 Rfe8 19. Qf3 c4 20. g4 Bb6+ 21. Rd4 Rxe2 22. Qxe2 Bd3 23. Qf3 Bxf1 24. Kxf1 Bxd4 25. cxd4 Rd8 26. f5 Qxd5 27. Qf4 f6 28. fxg6 hxg6 29. Kg1 Qg5 30. Qe4 f5 31. Qe6+ Kh7 32. h3 fxg4 33. hxg4 Qd5 34. Qe7+ Kg8 35. Qf6 Rd6 36. Qf2 Qe4 37. d5 Qxg4+ 38. Kh1 g5 0-1